• 首页
  • 本馆介绍
  • 公告通知
  • 最新文献
  • 馆藏检索
  • 电子资源
  • 读者导购
  • 参考咨询
  • 我的图书馆
  • 登录
  • 详细信息显示
  • 放入我的书架
  • 预约/预借图书
  • 作者相关作品
  • 分类相关作品
  • 丛书相关作品
  • 出版社相关作品

书目信息

  • 表格格式
  • 工作单格式
  • 卡片格式
题名:
海岸动力学
    
 
作者: 邹志利 主编
分册:  
出版信息: 北京   人民交通出版社  2009.12
页数: 252页
开本: 26cm
丛书名:
单 册:
中图分类: P731.2
科图分类:
主题词: 海岸--hai an--海洋动力学--高等学校--教材 , 海岸--hai an , 海洋动力学--hai yang dong li xue
电子资源:
ISBN: 978-7-114-08034-0
000 01086nam0 2200289 450
001 0109110247
005 20201109150300.15
010    @a978-7-114-08034-0@dCNY35.00
100    @a20100817e20192009em y0chiy50 ea
101 0  @achi
102    @aCN@b110000
105    @aa z 000yy
106    @ar
200 1  @a海岸动力学@Ahai an dong li xue@dCoastal hydrodynamics@f邹志利主编@zeng
205    @a4版
210    @a北京@c人民交通出版社@d2009.12@h2019.12
215    @a252页@c图@d26cm
300    @a高等学校水利学科专业规范核心课程教材港口航道与海岸工程专业
330    @a本书阐述了海岸水动力和海岸泥沙运动的基本原理,内容包括海岸动力因素和海岸泥沙运动及岸滩演变两大部分。前者包括海岸波浪、近岸波生流和海岸潮流运动;后者包括沙质海岸和淤泥质海岸的泥沙起动、输沙率和海岸变形等。
510 1  @aCoastal hydrodynamics@zeng
606 0  @a海岸@Ahai an@x海洋动力学@x高等学校@j教材
606 0  @a海岸@Ahai an
606 0  @a海洋动力学@Ahai yang dong li xue
690    @aP731.2@v5
701  0 @a邹志利@Azou zhi li@4主编
801  0 @aCN@bBJSZM@c20201103
905    @b1242075-8@dP731.2@e121=4@f4
    
    海岸动力学=Coastal hydrodynamics/邹志利主编.-4版.-北京:人民交通出版社,2009.12(2019.12)
    252页:图;26cm
    高等学校水利学科专业规范核心课程教材港口航道与海岸工程专业
    
    ISBN 978-7-114-08034-0:CNY35.00
    本书阐述了海岸水动力和海岸泥沙运动的基本原理,内容包括海岸动力因素和海岸泥沙运动及岸滩演变两大部分。前者包括海岸波浪、近岸波生流和海岸潮流运动;后者包括沙质海岸和淤泥质海岸的泥沙起动、输沙率和海岸变形等。
●
相关链接 在E读中查询图书 在五车中查询图书 在当当中查询图书 在豆瓣中查询图书


正题名:海岸动力学     索取号:P731.2/121=4         预约/预借

序号 登录号 条形码 馆藏地/架位号 状态 备注
1 1242075   212420753   第二样本阅览室/ [索取号:P731.2/121=4] 在馆    
2 1242076   212420762   第三借阅区/ [索取号:P731.2/121=4] 在馆    
3 1242077   212420771   第三借阅区/ [索取号:P731.2/121=4] 在馆    
4 1242078   212420780   第三借阅区/ [索取号:P731.2/121=4] 在馆    
唐山师范学院图书馆 欢迎您!
大连网信软件有限公司© 版权所有